Click to Play Blackjack - Statistics

General Stats
  • This quiz has been taken 96 times
  • The average score is 42 of 200
Answer Stats
Hint Extra Hint Answer % Correct
You: Soft 15 Dealer: 7 Hit
37%
You: 6 Dealer: 6 Hit
35%
You: 7 Dealer: 5 Hit
35%
You: 8 Dealer: A Hit
35%
You: 14 Dealer: 7 Hit
33%
You: Soft 14 Dealer: 7 Hit
33%
You: 6 Dealer: 8 Hit
32%
You: 10 Dealer: 10 Hit
32%
You: 15 Dealer: 10 Hit
32%
You: 8 Dealer: 5 Hit
31%
You: 12 Dealer: 7 Hit
31%
You: 13 Dealer: 9 Hit
31%
You: 13 Dealer: 10 Hit
31%
You: Soft 13 Dealer: A Hit
31%
You: Soft 15 Dealer: A Hit
31%
You: 3,3 Dealer: 8 Hit
31%
You: 7 Dealer: 6 Hit
29%
You: 12 Dealer: 2 Hit
29%
You: 14 Dealer: A Hit
29%
You: Soft 14 Dealer: A Hit
29%
You: Soft 15 Dealer: 10 Hit
29%
You: Soft 16 Dealer: 7 Hit
29%
You: 8 Dealer: 6 Hit
28%
You: 9 Dealer: A Hit
28%
You: 9 Dealer 10 Hit
28%
You: 13 Dealer: 7 Hit
28%
You: Soft 13 Dealer: 7 Hit
28%
You: Soft 13 Dealer: 10 Hit
28%
You: Soft 14 Dealer: 10 Hit
28%
You: 7,7 Dealer: A Hit
28%
You: 19 Dealer: 10 Stand
28%
You: 5 Dealer: A Hit
27%
You: 10 Dealer: A Hit
27%
You: 12 Dealer: A Hit
27%
You: 16 Dealer: 8 Hit
27%
You: Soft 13 Dealer: 2 Hit
27%
You: Soft 14 Dealer: 2 Hit
27%
You: Soft 15 Dealer: 2 Hit
27%
You: Soft 16 Dealer: 2 Hit
27%
You: 2, 2 Dealer: A Hit
27%
You: 17 Dealer: 3 Stand
27%
You: 17 Dealer: A Stand
27%
You: Soft 20 Dealer: 6 Stand
27%
You: 12 Dealer: 3 Hit
26%
You: 14 Dealer: 10 Hit
26%
You: 15 Dealer: A Hit
26%
You: 16 Dealer: A Hit
26%
You: Soft 16 Dealer: 10 Hit
26%
You: Soft 16 Dealer: A Hit
26%
You: 3,3 Dealer: 10 Hit
26%
You: 3,3 Dealer: A Hit
26%
You: 5,5 Dealer: A Hit
26%
You: 17 Dealer: 7 Stand
26%
You: 18 Dealer: 2 Stand
26%
You: 5 Dealer: 3 Hit
24%
You: 9 Dealer: 7 Hit
24%
You: Soft 13 Dealer: 4 Hit
24%
You: Soft 15 Dealer: 3 Hit
24%
You: Soft 17 Dealer: A Hit
24%
You: 5,5 Dealer: 10 Hit
24%
You: 16 Dealer: 6 Stand
24%
You: 19 Dealer: 7 Stand
24%
You: 10,10 Dealer: 10 Stand
24%
You: 9 Dealer: 2 Hit
23%
You: 16 Dealer: 9 Hit
23%
You: 16 Dealer: 10 Hit
23%
You: 4,4 Dealer: 4 Hit
23%
You: 4,4 Dealer: 7 Hit
23%
You: 4,4 Dealer: A Hit
23%
You: 6,6 Dealer: 7 Hit
23%
You: 6,6 Dealer: 10 Hit
23%
You: 7,7 Dealer: 8 Hit
23%
You: 16 Dealer: 2 Stand
23%
You: 17 Dealer: 2 Stand
23%
You: 17 Dealer: 6 Stand
23%
You: 17 Dealer: 8 Stand
23%
You: 19 Dealer: 5 Stand
23%
You: 10,10 Dealer: A Stand
23%
You: Soft 20 Dealer: 10 Stand
23%
You: Soft 20 Dealer: A Stand
23%
You: 11 Dealer: A Hit
22%
You: Soft 17 Dealer: 2 Hit
22%
You: Soft 17 Dealer: 10 Hit
22%
You: Soft 18 Dealer: A Hit
22%
You: 4,4 Dealer: 2 Hit
22%
You: 6,6 Dealer: A Hit
22%
You: 8,8 Dealer: 8 Split
22%
You: 9,9 Dealer: 6 Split
22%
You: 18 Dealer: 4 Stand
22%
You: 18 Dealer: 9 Stand
22%
You: 18 Dealer: 10 Stand
22%
You: 18 Dealer: A Stand
22%
You: 19 Dealer: 2 Stand
22%
You: 19 Dealer: 9 Stand
22%
You: 10,10 Dealer: 2 Stand
22%
You: 10,10 Dealer: 7 Stand
22%
You: Soft 18 Dealer: 7 Stand
22%
You: Soft 18 Dealer: 8 Stand
22%
You: Soft 19 Dealer: 2 Stand
22%
You: 9,9 Dealer: 10 Stand
22%
You: 11 Dealer: 9 Double Down
21%
You: Soft 15 Dealer: 6 Double Down
21%
You: 15 Dealer: 7 Hit
21%
You: Soft 16 Dealer: 3 Hit
21%
You: Soft 17 Dealer: 7 Hit
21%
You: 7,7 Dealer: 10 Hit
21%
You: 7,7 Dealer: 2 Split
21%
You: 8,8 Dealer: 6 Split
21%
You: 8,8 Dealer: A Split
21%
You: A,A Dealer: 2 Split
21%
You: 12 Dealer: 5 Stand
21%
You: 17 Dealer: 10 Stand
21%
You: Soft 19 Dealer: A Stand
21%
You: 10 Dealer: 6 Double Down
19%
You: Soft 14 Dealer: 5 Double Down
19%
You: Soft 14 Dealer: 6 Double Down
19%
You: 16 Dealer: 7 Hit
19%
You: Soft 14 Dealer: 4 Hit
19%
You: Soft 18 Dealer: 10 Hit
19%
You: 2, 2 Dealer: 8 Hit
19%
You: 6,6 Dealer: 6 Split
19%
You: 7,7 Dealer: 7 Split
19%
You: 8,8 Dealer: 2 Split
19%
You: 8,8 Dealer: 10 Split
19%
You: 9,9 Dealer: 8 Split
19%
You: A,A Dealer: 7 Split
19%
You: 15 Dealer: 2 Stand
19%
You: 19 Dealer: A Stand
19%
You: Soft 19 Dealer: 5 Stand
19%
You: Soft 19 Dealer: 8 Stand
19%
You: 9 Dealer: 6 Double Down
18%
You: 10 Dealer: 4 Double Down
18%
You: 10 Dealer: 7 Double Down
18%
You: 11 Dealer: 3 Double Down
18%
You: 11 Dealer: 6 Double Down
18%
You: Soft 16 Dealer: 6 Double Down
18%
You: 5,5 Dealer: 6 Double Down
18%
You: 2, 2 Dealer: 6 Split
18%
You: 4,4 Dealer: 5 Split
18%
You: Soft 18 Dealer: 2 Stand
18%
You: Soft 19 Dealer: 10 Stand
18%
You: Soft 15 Dealer: 4 Double Down
17%
You: 5,5 Dealer: 2 Double Down
17%
You: Soft 18 Dealer: 9 Hit
17%
You: 3,3 Dealer: 2 Split
17%
You: 3,3 Dealer: 5 Split
17%
You: 7,7 Dealer: 6 Split
17%
You: 8,8 Dealer: 9 Split
17%
You: A,A Dealer: A Split
17%
You: 12 Dealer: 6 Stand
17%
You: 13 Dealer: 3 Stand
17%
You: 13 Dealer: 5 Stand
17%
You: 15 Dealer: 6 Stand
17%
You: 18 Dealer: 6 Stand
17%
You: 18 Dealer: 7 Stand
17%
You: 10,10 Dealer: 6 Stand
17%
You: 10 Dealer: 2 Double Down
15%
You: 11 Dealer: 5 Double Down
15%
You: 11 Dealer: 10 Double Down
15%
You: Soft 16 Dealer: 5 Double Down
15%
You: Soft 18 Dealer: 4 Double Down
15%
You: A,A Dealer: 6 Split
15%
You: A,A Dealer: 10 Split
15%
You: 13 Dealer: 2 Stand
15%
You: 14 Dealer: 2 Stand
15%
You: Soft 19 Dealer: 7 Stand
15%
You: 9,9 Dealer: A Stand
15%
You: 9 Dealer: 4 Double Down
14%
You: 11 Dealer: 2 Double Down
14%
You: Soft 17 Dealer: 4 Double Down
14%
You: 5,5 Dealer: 7 Double Down
14%
You: 2, 2 Dealer: 2 Split
14%
You: 6,6 Dealer: 2 Split
14%
You: 9,9 Dealer: 2 Split
14%
You: 9,9 Dealer: 9 Split
14%
You: 14 Dealer: 6 Stand
14%
You: 10 Dealer: 8 Double Down
13%
You: 11 Dealer: 7 Double Down
13%
You: Soft 15 Dealer: 5 Double Down
13%
You: Soft 16 Dealer: 4 Double Down
13%
You: 5,5 Dealer: 9 Double Down
13%
You: 2, 2 Dealer: 3 Split
13%
You: 2, 2 Dealer: 7 Split
13%
You: 12 Dealer: 4 Stand
13%
You: 14 Dealer: 4 Stand
13%
You: 9,9 Dealer: 7 Stand
13%
You: 9 Dealer: 5 Double Down
12%
You: 10 Dealer: 9 Double Down
12%
You: Soft 17 Dealer: 3 Double Down
12%
You: Soft 18 Dealer: 6 Double Down
12%
You: 3,3 Dealer: 7 Split
12%
You: 4,4 Dealer: 6 Split
12%
You: 8,8 Dealer: 7 Split
12%
You: Soft 13 Dealer: 6 Double Down
10%
You: Soft 17 Dealer: 6 Double Down
10%
You: Soft 18 Dealer: 3 Double Down
10%
You: 9 Dealer: 3 Double Down
9%
You: Soft 13 Dealer: 5 Double Down
9%
You: 13 Dealer: 6 Stand
9%
You: Soft 19 Dealer: 6 Double Down
8%
No matching quizzes found
Score Distribution
Percent of People with Each Score
Percentile by Number Answered
Your Score History
You have not taken this quiz